Historia de Cristo

Kaydedildi:
Detaylı Bibliyografya
Yazar: Papini, Giovanni (autor)
Materyal Türü: Kitap
Dil:İspanyolca
Baskı/Yayın Bilgisi: Santiago Lux 1925
Edisyon:2a. ed
Konular:
Etiketler: Etiketle
Etiket eklenmemiş, İlk siz ekleyin!

MARC

LEADER 00000cam a2200000 a 4500
001 UCG9791
003 CL-VaPUC
008 120330e19250000CL |||||||||||||||||spa|d
082 0 4 |a 232  |b PAP  |2 21 
100 |a Papini, Giovanni  |e autor   |9 456366 
245 1 0 |a Historia de Cristo 
250 |a 2a. ed 
300 |a 500 p 
942 |c BK 
945 |d 20120330 00:00:00  |a dcastane 
260 |a Santiago  |b Lux  |c 1925 
650 0 |a Cristología   |9 315091 
583 |a last modification  |c 20120330 10:33:00  |k Rodrigo Vera 
999 |c 347334  |d 347332 
952 |0 0  |1 0  |4 0  |6 232_000000000000000_PAP_1925  |7 0  |8 P  |9 448592  |a BIBTEO  |b BIBTES  |c TEO_FTES  |d 2019-11-22  |i 4794664  |o 232 PAP 1925  |p 4794664  |r 2024-01-18  |w 2019-11-22  |y BK  |k ICR